00715 2200181 4500245005400000020002200054250001100076100002900087700001800116650001700134005001900151260004100170041001400211084000800225300002500233500026600258336000900524 aGadis Kota JerashcHabiburrahman El ShirazyhText a978-602-8436-47-2 aCet. 1 aHabiburrahman El Shirazy aAzzura Dayana aNovel Islami a20240223133607 aJakartabLingkar Pena Kreativac2009 aIndonesia a813 a288 hlm. :c20.5 cm. aGadis Kota Jerash adalah salah satu dari cerpen-cerpen piliha dalam antologi kasih ini. Masih ada enam belas kasih lainnya yang diramu dalam kekuatan luka, air mata, sekaligus cinta. Semuanya dipersembahkan untuk sebuah negeri yang masih tercabik, Palestina.... atext